Normal view
MARC view
- Bianchi , Nicola
Entry Personal Name
001 - CONTROL NUMBER
- control field: 59207
003 - CONTROL NUMBER IDENTIFIER
- control field: NUST
005 - DATE AND TIME OF LATEST TRANSACTION
- control field: 20210628202310.0
008 - FIXED-LENGTH DATA ELEMENTS
- fixed length control field: 210628|| aca||aabn | a|a d
040 ## - CATALOGING SOURCE
- Original cataloging agency: NUST
- Transcribing agency: NUST
100 ## - HEADING--PERSONAL NAME
- Personal name: Bianchi , Nicola
670 ## - SOURCE DATA FOUND
- Source citation: Work cat.: (NUST): Bianchi , Nicola, Electrical machine analysis using finite elements, 2005
